Normal view
MARC view
- تأليف Clark ,Stewart;م.مشاركGraham,Pointon
Entry Personal Name
001 - CONTROL NUMBER
- control field: 2042
003 - CONTROL NUMBER IDENTIFIER
- control field: JO-AjAnu
005 - DATE AND TIME OF LATEST TRANSACTION
- control field: 20230606070634.0
008 - FIXED-LENGTH DATA ELEMENTS
- fixed length control field: 230606|| aca||aabn | a|a d
040 ## - CATALOGING SOURCE
- Original cataloging agency: JO-AjAnu
- Transcribing agency: JO-AjAnu
100 ## - HEADING--PERSONAL NAME
- Personal name: تأليف Clark ,Stewart;م.مشاركGraham,Pointon
670 ## - SOURCE DATA FOUND
- Source citation: Work cat.: (JO-AjAnu)1073: تأليف Clark ,Stewart;م.مشاركGraham,Pointon, author, Word for Word :Make the right choice,Get the right meaning